书目信息 |
| 题名: |
论英雄、英雄崇拜和历史上的英雄业绩
|
|
| 作者: | 卡莱尔 著 ;周祖达 , 张自谋 译 | |
| 分册: | ||
| 出版信息: | 北京 商务印书馆 2005 |
|
| 页数: | 300页 | |
| 开本: | 21cm | |
| 丛书名: | ||
| 单 册: | ||
| 中图分类: | B038 | |
| 科图分类: | ||
| 主题词: | 英雄史观--研究 | |
| 电子资源: | ||
| ISBN: | 7-100-03762-X | |
| 000 | 01263nam0 2200277 450 | |
| 001 | TS2006043144 | |
| 005 | 20061207085009.85 | |
| 010 | @a7-100-03762-X@dCNY17.00 | |
| 100 | @a20060829d2005 em y0chiy0120 ea | |
| 101 | 1 | @achi@ceng |
| 102 | @aCN@b110000 | |
| 105 | @aa z 001yd | |
| 200 | 1 | @a论英雄、英雄崇拜和历史上的英雄业绩@ALun Ying Xiong、 Ying Xiong Chong Bai He Li Shi Shang De Ying Xiong Ye Ji@f(英)托马斯·卡莱尔(Thomas Carlyle)著@F( Ying ) Tuo Ma Si· Ka Lai Er (Thomas Carlyle) Zhu@g周祖达译@g张自谋校 |
| 210 | @a北京@c商务印书馆@d2005 | |
| 215 | @a300页@d21cm | |
| 305 | @a据美国波士顿吉恩公司1901年版译出 | |
| 320 | @a有索引: (276-300页) | |
| 330 | @a本书收集了卡莱尔在1840年所作的六次讲演,论述了神明英雄(奥丁)、先知英雄(穆罕默德)、诗人英雄(但丁、莎士比亚)、教士英雄(路德、诺克斯)、文人英雄(约翰逊、彭斯、卢梭)、帝王英雄(克伦威尔、拿破仑)等六种不同类型共11位英雄人物,认为“世界历史是伟人的历史”。 | |
| 510 | 1 | @aOn Heroes Hero-Worship and the Heroic in History@zeng |
| 606 | 0 | @a英雄史观@x研究 |
| 690 | @aB038@v4 | |
| 701 | 1 | @a卡莱尔@AKa Lai Er@b托马斯@g(Carlyle, Thomas]@4著 |
| 702 | 0 | @a周祖达@AZhou Zu Da@4译 |
| 702 | 0 | @a张自谋@AZhang Zi Mou@4校 |
| 801 | 0 | @aCN@b中图数据@c20061207 |
| 905 | @a10447@dB038@e34 | |
| 论英雄、英雄崇拜和历史上的英雄业绩/(英)托马斯·卡莱尔(Thomas Carlyle)著/周祖达译/张自谋校.-北京:商务印书馆,2005 |
| 300页;21cm |
| ISBN 7-100-03762-X:CNY17.00 |
| 本书收集了卡莱尔在1840年所作的六次讲演,论述了神明英雄(奥丁)、先知英雄(穆罕默德)、诗人英雄(但丁、莎士比亚)、教士英雄(路德、诺克斯)、文人英雄(约翰逊、彭斯、卢梭)、帝王英雄(克伦威尔、拿破仑)等六种不同类型共11位英雄人物,认为“世界历史是伟人的历史”。 |
| ● |
| 相关链接 |
|
|
|
|
正题名:论英雄、英雄崇拜和历史上的英雄业绩
索取号:B038/34
 
预约/预借
| 序号 | 登录号 | 条形码 | 馆藏地/架位号 | 状态 | 备注 |
| 1 | 0616552 | 206165521 | 第一样本阅览室/ [索取号:B038/34] | 在馆 | |
| 2 | 0616553 | 206165530 | 第一借阅区/ [索取号:B038/34] | 在馆 | |
| 3 | 0616554 | 206165549 | 第一借阅区/ [索取号:B038/34] | 在馆 | |
| 4 | 0616555 | 206165558 | 第一借阅区/ [索取号:B038/34] | 在馆 |